000 00996nam a2200253 a 4500
001 nice12345678
003 IN_TiNIC
005 20260116011327.0
008 050524s1960 leia grd 000 0 eng
020 _a
_c2800
082 0 0 _a297.03
_bBRI
245 _aEncyclopaedia of Islam
260 _aLeiden
_bE. J. Brill
_c1960
300 _a1359p
500 _aincludes index and biblioraphy
505 2 _aNew Edition
505 2 _aNew Edition00
_gV 1.
_tEncyclopaedia of Islam-A-B.--
_gV 2.
_tEncyclopaedia of Islam- C-G.--
_gV 3.
_tEncyclopaedia of Islam- H-IRAM.--
_gV 4.
_tEncyclopaedia of Islam- I-KHA.--
_gV 6.
_tEncyclopaedia of Islam- MAHK-MID.--
_gV 7.
_tEncyclopaedia of Islam- MIF-NAZ.--
_gV 5.
_tEncyclopaedia of Islam- KHE-MAHI.--
_gV 8.
_tEncyclopaedia of Islam- NED-SAM.--
_gV 9.
_tEncyclopaedia of Islam- SAN-SZE.--
_gV12.
_tEncyclopaedia of Is
650 _aIslam-Encyclopaedia
650 _aEncyclopeadia-Islam
710 2 _aBrill, E.J
902 _bRHR
942 _cBK
999 _c552
_d552